Les meilleurs buteurs de l'histoire de l'Olympique Lyonnais - Statistiques

Statistiques générales
  • Ce quiz a été pris 77 fois
  • Le résultat moyen est 9 sur 23
Statistiques - réponses
Buts Réponse % Correct
199 Alexandre Lacazette
95%
100 Juninho
85%
66 Karim Benzema
79%
82 Lisandro Lopez
77%
94 Sonny Anderson
67%
222 Fleury Di Nallo
65%
76 Memphis Depay
64%
77 Sidney Govou
64%
149 Bernard Lacombe
62%
69 Nabil Fekir
62%
95 Bafétimbi Gomis
59%
70 Moussa Dembélé
38%
132 Serge Chiesa
29%
51 Maxwell Cornet
24%
51 Florian Maurice
14%
63 Alain Caveglia
12%
94 Nestor Combin
9%
66 Angel Rambert
6%
65 Eugène Kabongo
5%
78 Sima Nikolic
5%
76 André Guy
3%
50 Jean-Pierre Orts
2%
91 Ernest Schulz
0%
Aucun quiz correspondant
Distribution des résultats
% des personnes avec chaque résultat
Percentile par nombre de réponses
Votre historique - résultats
Vous n’avez pas pris ce quiz